- Valdéz-Gardea, Gloria Ciria
Entry Nombre Personal
001 - NUMERO DE CONTROL
- campo de control: 52473
003 - IDENTIFICADOR DE NUMERO DE CONTROL
- campo de control: DLC
005 - FECHA Y HORA DE LA ÜLTIMA TRANSACCIÓN
- campo de control: 20240620134037.0
008 - DATOS DE LONGITUD FIJA
- campo de control de longitud fija: 071214n| azannaabn || aaa c
010 ## - NÚMERO DE CONTROL DE LA BIBLIOTECA DEL CONGRESO
- Número de control LC: no2007154538
035 ## - NUMERO DE CONTROL
- Número de control: (OCoLC)oca07608789
035 ## - NUMERO DE CONTROL
- Número de control: (CaEvSKY)skya8326733
040 ## - FUENTE DE CATALOGACIÓN
- Agencia original de catalogación: MX-GjU
- Lenguaje de catalogación: spa
- Description conventions: rda
- Agencia de transcripción: MX-GjU
- Agencia que lo modifica: MX-MxCID
- Agencia que lo modifica: MX-MxUPN
100 1# - ENCABEZAMIENTO - NOMBRE PERSONAL
- Nombre personal: Valdéz-Gardea, Gloria Ciria
371 ## - DIRECCIÓN
- Electronic mail address: gvaldez@colson.edu.mx
372 ## - CAMPO DE ACTIVIDAD
- Field of activity: Comunicación
373 ## - GRUPO ASOCIADO
- Associated group: El Colegio de Sonora
- Associated group: Universidad de Sonora
374 ## - OCUPACIÓN
- Occupation: Profesora universitaria
377 ## - LENGUA ASOCIADA
- Language code: spa
670 ## - FUENTE EN LA QUE SE LOCALIZARON DATOS
- Cita de la fuente: Soy pescadora de almejas..., 2007 :
- Información localizada: portada (Gloria Ciria Valdéz-Gardea) solapa (Gloria Ciria Valdéz-Gardea; Comunicóloga por la Universidad de Sonora [México])
670 ## - FUENTE EN LA QUE SE LOCALIZARON DATOS
- Cita de la fuente: Movilización, migración y retorno de la niñez migrante :una mirada antropológica, 2011:
- Información localizada: portada (Gloria Ciria Valdéz Gardea) página 13 (Gloria Ciria Valdéz Gardea; profesora-investigadora del Centro de Estudios de América del Norte, Colegio de Sonora; correo: gvaldez@colson.edu.mx)
670 ## - FUENTE EN LA QUE SE LOCALIZARON DATOS
- Cita de la fuente: Tránsito y retorno de la niñez migrante : epílogo en la administración Trump, 2017:
- Información localizada: portada (Gloria Ciria Valdéz Gardea)
902 ## - CATALOGADOR
- Catalogador: Víctor Ruiz/200624
